[Event "8th HDBank Cup 2018"]
[Site "Hanoi"]
[Date "2018.03.12"]
[Round "4"]
[White "Wang, Hao"]
[Black "Saduakassova Dinara"]
[Result "1-0"]
[WhiteElo "2713"]
[BlackElo "2479"]
[Annotator "TA"]
[PlyCount "53"]
[EventDate "2018.??.??"]
[EventCountry "VIE"]
[SourceTitle "playchess.com"]
[Source "ChessBase"]
[SourceQuality "1"]

{[%evp 26,53,30,34,25,8,9,9,5,21,12,0,54,31,32,39,55,30,21,23,31,27,112,117,530,539,542,531,547,548]} 1. c4 Nf6 2. Nc3 e6 3. e4 d5 4. e5 d4 5. exf6 dxc3 6. bxc3 Qxf6 7. d4 c5 8. Nf3 cxd4 9. Bg5 Qf5 10. cxd4 Bb4+ 11. Bd2 Qa5 {A18: English Opening: Flohr-Mikenas System (1 c4 Nf6 2 Nc3 e6 3 e4)} 12. Bd3 Nc6 13. Rb1 Bxd2+ 14. Qxd2 {LiveBook: 14 Games} Rb8 {[#]} 15. Rb5 $146 ({Predecessor:} 15. Be4 Bd7 16. Ne5 Qxd2+ 17. Kxd2 Na5 18. Rb4 f6 19. Nxd7 Kxd7 {½-½ (77) Reinderman,D (2573)-Naiditsch,A (2687) Wijk aan Zee 2010}) 15... Qxd2+ 16. Kxd2 b6 17. d5 Nd8 18. Rhb1 Bd7 ({Black should play} 18... Ra8 $11) 19. Ra5 Rb7 20. Ra3 Ke7 21. Ng5 $36 {[%mdl 2048] Black is under pressure.} f6 22. Ne4 exd5 23. cxd5 Nf7 {[#]} (23... f5 $1 $11 {keeps the balance.} 24. Ng3 g6) 24. Re1 $1 $16 {Threatens to win with Nc5+.} Rc7 $2 {[%mdl 8192]} (24... Kf8 $16 {is tougher.} 25. Ba6 Rb8) 25. Ng5+ $1 $18 {White is clearly winning.} Ne5 26. f4 {[%cal Bf2f4,Bf4e5][%mdl 32]} fxg5 27. fxe5 {Precision: White = 67%, Black = 36%.} 1-0

[Event "8th HDBank Cup 2018"]
[Site "Hanoi"]
[Date "2018.03.12"]
[Round "4"]
[White "Mareco, Sandro"]
[Black "Akshat Khamparia"]
[Result "1-0"]
[WhiteElo "2635"]
[BlackElo "2408"]
[Annotator "TA"]
[PlyCount "69"]
[EventDate "2018.??.??"]
[EventCountry "VIE"]
[SourceTitle "playchess.com"]
[Source "ChessBase"]
[SourceQuality "1"]

{[%evp 19,69,24,39,36,44,24,14,13,12,18,11,13,44,45,71,75,72,75,108,105,141,120,151,116,112,141,193,146,177,186,230,227,333,330,335,324,289,309,297,300,1017,995,1015,1015,935,998,995,994,970,916,1075,1061]} 1. d4 Nf6 2. Nf3 g6 3. c4 Bg7 4. g3 O-O 5. Bg2 d6 6. O-O Nc6 7. Nc3 a6 8. h3 Rb8 9. e4 e5 10. dxe5 {E63: King's Indian: Fianchetto: Panno Variation with 7...a6} (10. d5 Ne7 11. b4 c6 12. a4 cxd5 13. cxd5 Bd7 14. Bd2 Rc8 15. Re1 h6 16. Qb3 Ne8 17. b5 a5 18. b6 {0-1 (33) Iljin,A (2537)-Korobov,A (2708) Sochi 2015}) 10... dxe5 {LiveBook: 3 Games} 11. Be3 Be6 12. Qa4 $146 {White is slightly better.} ({Predecessor:} 12. b3 h6 13. Qc1 Kh7 14. Rd1 Qc8 15. Kh2 Rd8 16. Qb2 Rxd1 17. Rxd1 Qe8 {1-0 (49) Rasmussen,K (2447)-Arias,L (2406) Santiago de Cuba 2009}) 12... Re8 13. Rfd1 Qc8 14. Kh2 h6 15. c5 Nh5 16. Nd5 $36 {[%mdl 2048] White is pushing.} f5 17. exf5 gxf5 18. Nh4 e4 19. Rd2 Ne5 20. Qd1 Bf7 {White should prevent ...Nc4.} 21. Bf1 Nf6 22. Nf4 Nh7 (22... c6 $16) 23. Qc2 Bf6 24. Be2 Kh8 25. Bd4 Ng5 (25... Nf8 $142 26. Qc3 Kh7) 26. Rad1 Kh7 27. b4 Re7 28. Kg2 Bg7 29. Bc3 Be8 $2 {[#]} (29... Ngf3 30. Bxf3 Nxf3) 30. Rd8 $1 $18 {[%mdl 512] White is clearly winning.} Qxd8 31. Rxd8 Rxd8 32. Nxf5 Rdd7 33. h4 Ne6 34. Nxe7 Rxe7 35. Bxe5 {Precision: White = 92%, Black = 45%.} 1-0

[Event "8th HDBank Cup 2018"]
[Site "Hanoi"]
[Date "2018.03.12"]
[Round "4"]
[White "Nguyen Ngoc Truong Son"]
[Black "Raghunandan, Kaumandur Srihari"]
[Result "1-0"]
[WhiteElo "2630"]
[BlackElo "2412"]
[Annotator "TA"]
[PlyCount "65"]
[EventDate "2018.??.??"]
[EventCountry "VIE"]
[SourceTitle "playchess.com"]
[Source "ChessBase"]
[SourceQuality "1"]

{[%evp 23,65,0,0,0,2,-10,-10,-17,2,-22,0,0,9,0,28,29,25,25,56,11,16,0,0,0,0,0,0,0,392,385,354,379,356,320,437,432,447,406,545,516,514,513,12827,5614]} 1. d4 Nf6 2. Nf3 g6 3. c4 Bg7 4. Nc3 d5 5. Qb3 dxc4 6. Qxc4 O-O 7. e4 Nc6 8. Be2 e5 {D97: Grünfeld: Russian System: 7 e4, replies other than 7...Bg4} 9. d5 Nd4 10. Nxd4 exd4 11. Qxd4 c6 12. d6 (12. Qc4 b5 13. Qxc6 Bd7 14. Qd6 Re8 15. Bg5 b4 16. Qxb4 Nxd5 17. Nxd5 Qxg5 {½-½ (59) Aronian,L (2799)-Vachier Lagrave,M (2804) Tbilisi 2017}) 12... Re8 {[#] LiveBook: 5 Games. ...Nxe4 is the strong threat.} 13. Qd3 {With the idea 0-0.} b5 {next ...b4 is good for Black.} 14. a3 Be6 15. f3 Bc4 16. Qd1 Bxe2 $146 17. Nxe2 Re6 18. Qc2 Qxd6 19. O-O Nd7 {[%cal Bf6d7,Bd7b6,Bb6c4][%mdl 32]} 20. Be3 c5 21. Rad1 Qc6 22. Rd5 Bf8 23. Rfd1 $36 {[%mdl 2048] White is more active.} Nb6 24. Rd8 Rxd8 25. Rxd8 {Threatens to win with Qxc5.} Re8 $2 {[%mdl 8192] [#]} (25... Rd6 $11 26. Rb8 Nd7) 26. Nd4 $1 $18 {[%cal Rd4c6][%mdl 512]} cxd4 27. Qxc6 Rxd8 28. Bd2 Nc4 29. Bg5 Rb8 30. b3 Nxa3 31. Qc7 {White is clearly winning.} Re8 32. Qd7 Re6 (32... Re5 $142 33. Qd8 Rxg5) 33. Qc8 {Precision: White = 79%, Black = 56%.} (33. Qd8 $142 Kg7 34. Bh6+ Kxh6 35. Qxf8+ Kh5 36. Qxa3) 1-0

[Event "8th HDBank Cup 2018"]
[Site "Hanoi"]
[Date "2018.03.12"]
[Round "4"]
[White "Wen Yang"]
[Black "Vogt, Lothar"]
[Result "1-0"]
[WhiteElo "2608"]
[BlackElo "2402"]
[Annotator "TA"]
[PlyCount "29"]
[EventDate "2018.??.??"]
[EventCountry "VIE"]
[SourceTitle "playchess.com"]
[Source "ChessBase"]
[SourceQuality "1"]

{[%evp 16,29,36,36,95,87,143,145,218,250,295,285,283,273,275,276]} 1. d4 Nf6 2. Nf3 g6 3. g3 Bg7 4. Bg2 O-O 5. O-O d6 6. b3 e5 7. dxe5 {A49: 1 d4 Nf6 2 Nf3 g6 3 g3: Anti-King's Indian systems} Nfd7 (7... dxe5 8. Ba3 Re8 9. Qxd8 Rxd8 10. Nc3 Nc6 11. Rad1 Bf5 12. Nh4 Bd7 13. e3 a6 14. Nd5 Nxd5 15. Bxd5 Be8 16. Nf3 {½-½ (63) Sargissian,G (2672)-Onischuk,V (2637) Riadh 2017}) 8. Bg5 Qe8 9. Nc3 {[#] LiveBook: 8 Games. And now Nd5 would win.White is slightly better.} Nxe5 (9... dxe5 $14 10. Nd5 Na6) 10. Nd5 $16 Nxf3+ ({Better is} 10... Na6) 11. exf3 {[%cal Be2f3,Bf3f4][%mdl 32]} Qe5 {[#]} (11... f6 $16 {keeps fighting.}) 12. Qd2 $1 $18 ({Not} 12. Nxc7 Qxg5 13. Nxa8 Qd8 $17) 12... Na6 13. f4 {White has a decisive advantage.} Qd4 $146 ({Predecessor:} 13... Qxa1 14. Rxa1 Bxa1 15. Ne7+ Kh8 16. c3 f6 17. Bxf6+ Rxf6 18. Qd4 Kg7 19. Nd5 {1-0 (19) Grabert,R (2187)-Kordts,W (2167) Bayern 2003}) 14. Qxd4 Bxd4 15. Rad1 1-0

[Event "8th HDBank Cup 2018"]
[Site "Hanoi"]
[Date "2018.03.12"]
[Round "4"]
[White "Karthikeyan, Murali"]
[Black "Pichot, Alan"]
[Result "1-0"]
[WhiteElo "2592"]
[BlackElo "2558"]
[Annotator "TA"]
[PlyCount "103"]
[EventDate "2018.??.??"]
[EventCountry "VIE"]
[SourceTitle "playchess.com"]
[Source "ChessBase"]
[SourceQuality "1"]

{[%evp 9,103,8,8,7,2,0,12,0,0,3,21,4,20,0,0,0,56,52,64,63,56,56,70,65,60,60,77,80,66,73,64,60,85,72,109,95,111,80,91,41,60,78,60,33,37,-29,-28,-21,-34,-9,143,127,149,150,161,154,151,147,148,149,147,135,166,154,155,158,168,95,77,84,162,41,41,29,29,29,41,48,48,48,148,8,148,112,148,0,0,0,1103,1103,1090,977,900,643,4631,2527]} 1. e4 {[%cal Be2e4,Be4e5][%mdl 32]} c5 2. Nf3 Nc6 3. Nc3 Nf6 4. Bb5 Nd4 5. Ba4 (5. e5 Nxb5 6. Nxb5 Nd5 7. Ng5 f6 8. Qf3 e6 9. Ne4 Qb6 10. Nbd6+ Bxd6 11. Nxd6+ Ke7 12. Qg3 Rg8 13. d3 fxe5 14. Nc4 Qc7 15. Nxe5 d6 {1-0 (49) Grischuk,A (2772)-Korobov,A (2652) Huaian 2017}) 5... Qa5 6. e5 {B30: Sicilian: 2...Nc6 3 Bb5, lines without ...g6} Ne4 {Threatens to win with ...Nxc3.} 7. Bb3 Nxb3 8. cxb3 {The position is equal.} Nxc3 $1 9. dxc3 Qa6 10. Bf4 b6 11. Ng5 $146 ({Predecessor:} 11. c4 g6 12. O-O Bg7 {1-0 (31) Ventimiglia,C (1935)-Fages,J (1895) IECG email 2004}) 11... Qb7 12. Qd3 ({Reject} 12. e6 f6 $17) 12... h6 (12... Qxg2 $11 13. O-O-O Qg4) 13. Ne4 $14 g5 14. Bg3 $36 {[%mdl 2048] White has some pressure.} Qc6 15. O-O-O Bb7 16. Rhe1 {Nd6+! is the strong threat.} O-O-O 17. Kb1 Rg8 18. b4 ({But not} 18. e6 $6 fxe6 19. f3 Bg7 $15) 18... h5 {aiming for ...h4.} 19. h3 h4 20. Bh2 $1 g4 21. bxc5 gxh3 22. gxh3 Bh6 23. f3 b5 24. Rg1 a6 25. Qd4 Qe6 26. Rg4 Rxg4 27. fxg4 (27. hxg4 $14 Bc6 28. b3) 27... f5 $1 $11 {[%cal Rf5e4]} 28. c6 Bxc6 29. Nc5 Qg6 $2 (29... Qc4 $1 $11 30. Qxc4 (30. gxf5 Qxd4 31. cxd4 Bg2 $15) 30... bxc4 31. gxf5 Rf8) 30. Ka1 $1 $16 fxg4 31. Nxa6 {White threatens Qb6 and mate.} Qc2 32. Nb4 Qe4 {Strongly threatening ...Qxd4.} 33. Nxc6 Qxc6 34. Qxg4 Be3 35. Qxh4 Qf3 {[%cal Rf3d1]} 36. Rb1 e6 37. Bg1 Qf4 38. Qxf4 (38. Qh5 $18) 38... Bxf4 $18 {[%mdl 4096] Endgame KRB-KRB} 39. Bd4 Rh8 (39... d6 $16) 40. Rf1 (40. Rh1 $1 $18) 40... Rxh3 $14 41. a4 Be3 42. Bxe3 Rxe3 43. axb5 Rxe5 $11 {KR-KR} 44. c4 Re4 $1 {[%cal Re4c4] [#]} 45. b3 ({Only move:} 45. Rc1 $1 $16) 45... Re2 (45... d5 $1 $11 {remains equal.}) 46. Rf8+ Kc7 47. c5 ({White should play} 47. Ra8 $16) 47... Rc2 48. b4 {Hoping for b6+.} Rc4 $2 {[%mdl 8192]} (48... e5 $11) 49. b6+ $18 {White is clearly winning.} Kb7 {[#]} 50. Rd8 $1 {[%cal Rd8d7]} Rd4 51. Kb2 Rxb4+ 52. Kc3 {Precision: White = 68%, Black = 55%.} 1-0

[Event "8th HDBank Cup 2018"]
[Site "Hanoi"]
[Date "2018.03.12"]
[Round "4"]
[White "Bogdanovich, Stanislav"]
[Black "Gordievsky, Dmitry"]
[Result "0-1"]
[WhiteElo "2560"]
[BlackElo "2630"]
[Annotator "TA"]
[PlyCount "122"]
[EventDate "2018.??.??"]
[EventCountry "VIE"]
[SourceTitle "playchess.com"]
[Source "ChessBase"]
[SourceQuality "1"]

{[%evp 16,122,-2,-11,-17,-16,0,0,7,-29,-7,-31,27,20,20,20,29,22,22,20,20,20,28,20,20,20,30,25,20,27,27,33,36,0,0,0,0,-43,-39,-31,10,9,4,0,0,0,0,0,0,0,0,-471,-493,-981,-980,-975,-880,-845,-395,-323,-400,-398,-398,-398,-398,-398,-398,-398,-398,-417,-421,-421,-343,-412,-402,-326,-309,-750,-735,-670,-414,-673,-673,-691,-673,-3602,-2186,-2489,-424,-4938,-4702,-2493,-1603,-29958,-29960,-29965,-29966,-29965,-29968,-29967,-29968,-29968,-29966,-29967,-29967,-29960,-29940,-12808,-6930]} 1. e4 c5 2. Nf3 e6 3. g3 Nc6 4. Bg2 Nf6 5. d3 d5 6. Qe2 Be7 7. e5 {C00: French: Unusual White 2nd moves} (7. O-O O-O 8. e5 Nd7 9. c4 d4 10. Re1 Rb8 11. h4 b5 12. cxb5 Rxb5 13. Na3 Rb8 14. Nc4 Nb6 15. b3 Nxc4 16. bxc4 Rb6 17. Ng5 {1-0 (32) Carlsen,M (2837)-Ding,L (2774) Saint Louis 2017}) 7... Nd7 8. c4 d4 9. h4 {LiveBook: 4 Games. The position is equal.} h6 10. Bf4 b6 11. Nbd2 Bb7 12. h5 $146 ({Predecessor:} 12. Ne4 Nf8 13. h5 Qd7 {0-1 (59) Berger,S (2420)-McGowan,D (2120) Berlin 2015}) 12... Qc7 13. g4 f6 (13... a6 $15) 14. O-O-O fxe5 {[#]} 15. Nxe5 $1 {[%mdl 512]} Ndxe5 (15... Ncxe5 16. Bxb7) 16. Bxe5 Nxe5 17. Bxb7 Nxd3+ 18. Qxd3 Qxb7 19. Qg6+ Kd7 $1 20. Rhe1 Qc6 {[#]} 21. Nf3 $1 {[%cal Bd2f3,Bf3e5,Be5f7][%mdl 544]} Qd6 (21... Qxf3 22. Qxe6+) 22. Ne5+ ({Much weaker is} 22. Qxg7 Qf4+ 23. Re3 Qf6 $15) 22... Kc7 23. Kb1 Rhg8 $1 24. Nf7 Qd7 $1 25. Rxe6 Bf6 $1 26. Rde1 Rae8 27. Ng5 $1 {[%cal Re6e8]} Rd8 28. Nh7 d3 $132 {[%mdl 2048] Black has counterplay} 29. Nxf6 gxf6 30. Qxf6 {Strongly threatening Re7.} d2 31. Rd1 Qd3+ 32. Ka1 Rxg4 {And now ...Rg1! would win.} 33. a3 $2 {[%mdl 8192]} (33. Re7+ $1 $11 {and White stays safe.} Rd7 34. Rxd7+ Qxd7 35. b3) 33... Rxc4 $19 34. Re7+ (34. Ka2 $142 Rd7 35. Re7) 34... Kb8 35. Ka2 Qd5 {( -> ...Rc3+)} 36. Re5 Qg8 (36... Qd4 $142 37. Qf7 Rc2) 37. Qg6 {[#]} Qxg6 $1 38. hxg6 Rc1 39. Rxd2 Rxd2 {[%mdl 4096] Endgame} 40. Re8+ {[#]} Kb7 $1 41. g7 Rg1 42. g8=R Rxg8 43. Rxg8 Rxf2 {KR-KR} 44. Rg7+ Ka6 45. Rh7 Rh2 46. a4 $2 (46. Kb3) 46... h5 {[%cal Bh6h5,Bh5h4,Bh4h3,Bh3h2][%mdl 32]} 47. Kb3 Rh4 48. Ka3 (48. Kc3 $142) 48... Rh3+ 49. Ka2 h4 50. Kb1 Rh1+ 51. Kc2 h3 52. Kc3 (52. b3 $142) 52... h2 53. Kb3 b5 54. axb5+ Kxb5 55. Ka2 a5 56. Rb7+ Kc6 57. Rh7 c4 58. Rh6+ Kd7 59. Rh7+ Ke6 60. Rh6+ Kf7 61. Rh7+ Kg6 {Precision: White = 42%, Black = 66%.} 0-1

[Event "8th HDBank Cup 2018"]
[Site "Hanoi"]
[Date "2018.03.12"]
[Round "4"]
[White "Sivuk, Vitaly"]
[Black "Hoang, Canh Huan"]
[Result "1/2-1/2"]
[WhiteElo "2526"]
[BlackElo "2402"]
[Annotator "TA"]
[PlyCount "336"]
[EventDate "2018.??.??"]
[EventCountry "VIE"]
[SourceTitle "playchess.com"]
[Source "ChessBase"]
[SourceQuality "1"]

{[%evp 16,336,24,21,28,18,37,-4,0,-4,0,-37,-34,-29,-29,-64,-59,-54,-41,-39,-6,-7,-5,-12,0,-17,-12,-28,0,-36,0,-72,-69,-69,-71,-70,-67,-88,-83,-83,-66,-68,-68,-67,-68,-69,-56,-56,-56,-57,-62,-68,-69,-104,-104,-104,-104,-124,-91,-111,-85,-111,-104,-110,-87,-111,-111,-114,-116,-144,-143,-137,-139,-141,-130,-117,-56,-121,-115,-114,-60,-97,-99,-86,0,-77,0,-95,0,-77,-77,-77,-77,-77,-77,-82,-81,-131,-131,-170,-170,-169,0,-81,0,-169,-174,-168,-165,-179,-149,-149,-114,-125,-117,-120,-98,-110,-87,-167,-196,-187,-167,-167,-167,-154,0,-164,-156,-154,-145,-141,-122,-125,-108,-104,0,-116,-117,-122,-68,-100,-76,-65,-63,-118,-113,-109,-111,-154,-142,-143,-110,-171,0,-48,-38,-50,-24,-33,-27,-43,-8,-1,-12,-6,0,-83,0,0,0,0,0,0,0,0,0,0,0,0,0,0,0,0,0,0,0,0,0,0,0,0,0,0,0,0,0,0,0,0,0,0,0,0,0,0,0,0,0,0,0,0,0,0,0,-12851,-29981,-12851,-29979,-12851,0,0,0,0,0,0,0,0,0,0,0,0,0,0,0,0,0,0,0,0,0,0,0,0,0,0,0,0,0,0,0,0,0,0,0,0,0,0,0,0,0,0,0,0,0,0,0,0,0,0,0,0,0,0,0,0,0,0,0,0,0,0,0,0,0,0,0,0,0,0,0,0,0,0,0,0,0,0,0,0,0,0,0,0,0,0,0,0,0,0,0,0,0,0,0,0,0,0,0,0,0,0,0]} 1. d4 Nf6 2. c4 e6 3. Nf3 b6 4. g3 Bb7 5. Bg2 Bb4+ 6. Bd2 a5 7. O-O O-O 8. Qc2 Be4 {E16: Queen's Indian: 4 g3 Bb7 5 Bg2 Bb4+} (8... c5 9. Rd1 Be4 10. Qc1 cxd4 11. Nxd4 Bxg2 12. Kxg2 Na6 13. Bxb4 axb4 14. Nd2 d5 15. Qc2 Qd7 16. cxd5 {½-½ (56) Aronian,L (2750)-Ivanchuk,V (2779) Wijk aan Zee 2009}) 9. Qc1 {LiveBook: 12 Games} c6 $146 ({Predecessor:} 9... d5 10. Bg5 dxc4 11. Bxf6 Qxf6 12. a3 {½-½ (12) Damaso,R (2404)-Starostits,I (2464) Gijon 2014}) 10. Bf4 d5 11. c5 a4 12. a3 Ba5 {[%cal Bb4a5,Ba5c7,Bc7e5][%mdl 32]} 13. Nc3 bxc5 14. dxc5 Bc7 15. Bg5 Bxf3 16. Bxf3 Nbd7 17. Qc2 $1 Be5 18. Nxa4 Qa5 19. Nb6 Nxb6 20. cxb6 Qxb6 21. Rab1 Rfb8 22. Be3 Qb3 23. Qd2 (23. Qxc6 $11 Rc8 24. Qb6) 23... Nd7 {[%cal Bf6d7,Bd7b6,Bb6c4][%mdl 32]} 24. Rfc1 Nb6 25. Rxc6 Nc4 26. Qd3 Qxd3 27. exd3 Nxa3 28. Ra1 Bxb2 29. Ra2 Bf6 30. Bf4 Rd8 31. Rb6 Nc4 32. Rxa8 Nxb6 33. Ra6 Nd7 34. Ra7 g6 35. h4 h5 36. Rc7 Nb6 37. Rc6 Na4 38. Kf1 Kg7 39. Rc7 Re8 40. Bd6 Nc3 41. Rb7 Ra8 42. g4 Ra6 ({But not} 42... Bxh4 $6 43. gxh5 Bf6 44. h6+ Kxh6 45. Rxf7 $11) 43. Bg3 hxg4 44. Bxg4 Na4 $1 45. Rc7 Nb2 (45... Bd4 $17 46. h5 Nc5 47. h6+ Kxh6 48. Rxf7 g5) 46. Be2 (46. Ke2 $15) 46... Ra1+ $17 47. Kg2 Ra3 ({Black should play} 47... Re1 $17 48. Rc2 Na4) 48. Bg4 {Threatens to win with Bxe6.} Ra6 49. Be2 Ra3 50. Bg4 $1 {[%cal Rg4e6] Hoping for Bxe6.} Ra6 51. Be2 Ra3 52. Bg4 $1 {[%cal Rg4e6] Bxe6 is the strong threat.} Rc3 $1 {[%cal Rc3c7] White must now prevent ...Rxc7.} 53. Rb7 Rc6 54. Be2 Bd4 55. Rb4 Rc2 56. Kf1 Bf6 57. Rb7 Rc1+ $1 58. Kg2 Rc2 (58... Re1 $1 $19 {[%cal Re1e2] and Black stays clearly on top.} 59. Bf1 Nd1) 59. Kf1 Rc1+ (59... Rc3 $17 60. Bg4 Rc1+ 61. Kg2 Rc6) 60. Kg2 $19 Re1 $1 {[%cal Re1e2]} 61. Bf1 Na4 62. Rb3 Nc5 63. Rb5 Bd4 64. Rb4 Bc3 65. Rb5 Nd7 $1 66. Rb3 Rc1 67. Be2 (67. Rb7 $17 {is a better defense.} Nc5 68. Rc7) 67... Be5 68. f4 Bd4 69. h5 Rc2 70. Kf1 Rc1+ 71. Kg2 gxh5 72. Bxh5 Rc2+ 73. Kf1 {intending Rb7.} Nc5 74. Ra3 Rc1+ 75. Kg2 Rc2+ 76. Kf1 $1 Rd2 77. Be2 Nd7 (77... Kf6 $17 78. Bf2 Bxf2 79. Kxf2 d4) 78. Rb3 Nf8 79. f5 exf5 80. Rb5 ({White should try} 80. Bf3 $15) 80... Ne6 $17 {Strongly threatening ...f4.} 81. Rxd5 Kg6 82. Rd7 Rc2 83. Bf3 Rc1+ 84. Ke2 (84. Kg2 $17 {keeps fighting.}) 84... Rc2+ $2 (84... f4 $19 85. Be1 Be3 86. Be4+ Kg7) 85. Kd1 Rc3 86. Kd2 Ra3 87. Bd5 $1 {[%cal Rd5e6] aiming for Bxe6.} Bf6 88. Bc4 f4 89. Bxe6 fxg3 90. Bxf7+ $11 {[%mdl 4096] Endgame KRB-KRB} Kf5 91. Bd5 {[#]} (91. Ke2 $11) 91... g2 (91... Ra2+ $1 $17 {[%mdl 512]} 92. Ke1 (92. Bxa2 $2 {loses.} g2 $19) 92... Bh4) 92. Bxg2 Ra2+ 93. Ke3 Rxg2 {KRB-KR} 94. Rd5+ Ke6 95. Rb5 Rg3+ 96. Ke4 Rg4+ 97. Kf3 Rh4 98. Rb8 Be5 99. Re8+ Kd5 100. Rd8+ Bd6 101. Ke3 Rh3+ 102. Ke2 Ke5 103. Kd2 Bc7 104. Rd7 Ba5+ 105. Kc2 Bb6 106. Rb7 Bd4 107. Rb5+ Kf4 108. Rb8 Rh2+ 109. Kd1 Ke3 110. Rb3 Ra2 111. Kc1 Ke2 112. Kb1 Ra8 113. Kc2 $2 {[%mdl 8192]} (113. Kc1 $11) 113... Rc8+ $19 114. Kb1 Kd2 115. Ka2 $2 {[%mdl 8192]} (115. Rb4 $11) 115... Kc2 116. Ra3 Rb8 (116... Rh8 $19 117. Ra6 Rh1 118. Ka3 Ra1+ 119. Kb4 Rxa6 120. Kb5 Rb6+ 121. Kc4 Rd6 122. Kb4 Kxd3 123. Kb3 Rb6+ 124. Ka3 Kc4 125. Ka2 Bg7 126. Ka3 Ra6#) 117. Ra6 Rb3 $2 (117... Rb2+ $19 118. Ka3 Bc5+ 119. Ka4 Kxd3) 118. Rh6 {The position is equal.} Rxd3 119. Rh2+ Kc3 120. Rc2+ $1 Kb4 121. Kb1 Bc3 122. Rh2 Kb3 {[%cal Rd3d1]} 123. Rb2+ Kc4 124. Rh2 Rd1+ 125. Kc2 Ra1 126. Re2 (126. Rh4+ {is more complex.} Bd4 127. Rh3 Ra2+ 128. Kd1 Bc3 129. Rf3) 126... Ra8 127. Re4+ Bd4 128. Re2 Ra3 129. Kd2 Ra1 130. Kc2 Rh1 131. Kd2 Rh3 132. Kc2 Be3 133. Rg2 Bf4 134. Kd1 Kd4 135. Kc2 Rc3+ 136. Kb1 Be5 137. Rc2 Rg3 138. Re2 Kd5 139. Kc2 Ra3 140. Kd1 Bd4 141. Kc2 Rc3+ 142. Kd2 Kc4 143. Kd1 Kd3 144. Rd2+ Ke4 145. Rc2 Ra3 146. Ke2 Ra1 147. Kd2 $1 Ra3 148. Ke2 Rg3 149. Kd1 Rg1+ 150. Ke2 Rh1 151. Kd2 Be5 152. Ke2 Rh3 153. Rc4+ Bd4 {And now ...Rh2+ would win.} 154. Rc2 Rd3 155. Rc4 Re3+ 156. Kd2 Rf3 (156... Ke5 {keeps more tension.} 157. Ra4 Kd5 158. Ra5+ Kc6 159. Ra8 Kb7) 157. Rc2 Be3+ 158. Ke2 Rf2+ 159. Kd1 Rf1+ 160. Ke2 Rh1 161. Rc4+ Bd4 162. Rc2 Rg1 163. Kd2 Rg3 164. Ke2 Bc3 165. Kf2 Rh3 {( -> ...Rh2+)} 166. Ke2 Re3+ 167. Kf2 Kf4 168. Kf1 Bd4 {Precision: White = 68%, Black = 66%.} 1/2-1/2

[Event "8th HDBank Cup 2018"]
[Site "Hanoi"]
[Date "2018.03.12"]
[Round "4"]
[White "Tran, Tuan Minh"]
[Black "Zhao, Jun"]
[Result "0-1"]
[WhiteElo "2522"]
[BlackElo "2599"]
[Annotator "TA"]
[PlyCount "90"]
[EventDate "2018.??.??"]
[EventCountry "VIE"]
[SourceTitle "playchess.com"]
[Source "ChessBase"]
[SourceQuality "1"]

{[%evp 11,90,12,6,-11,5,-5,7,0,21,0,13,19,26,27,29,26,27,21,41,-5,0,4,-10,-4,0,-10,-17,-65,-63,-108,-90,-124,-99,-120,-88,-93,-102,-90,-95,-87,-2,-25,-52,-48,0,-8,0,-51,0,-37,-21,-29,-37,-95,-104,-605,-599,-929,-929,-2138,-2072,-1931,-970,-1880,-1806,-1733,-389,-343,-335,-327,-299,-382,-389,-834,-924,-12838,-12840,-12840,-12840,-12838,-12837]} 1. c4 c5 2. g3 Nc6 3. Bg2 g6 4. Nc3 Bg7 5. d3 d6 6. Bd2 Nf6 {LiveBook: 6 Games. A36: Symmetrical English vs ...g6: 4 Bg2 Bg7} (6... e6 7. a3 Nge7 8. b4 cxb4 9. axb4 Nxb4 10. Qa4+ Nbc6 11. Nf3 O-O 12. O-O d5 13. Rfb1 b6 14. cxd5 exd5 {½-½ (31) Vachier Lagrave,M (2789)-So,W (2770) Leuven 2016}) 7. Qc1 h5 8. Nf3 Bd7 {The position is equal.} 9. Rb1 a6 $146 ({Predecessor:} 9... Qc8 10. h4 a6 11. Bg5 Rb8 12. Bxf6 Bxf6 13. Nd5 Bg7 14. Nb6 {½-½ (59) Pietraszko,J-Karpinski,B (1793) Polanica Zdroj 2010}) 10. O-O Rb8 11. a3 Nd4 12. b4 Bc6 13. bxc5 (13. Bg5 {with more complications.} O-O 14. e4 Nxf3+ 15. Bxf3 Re8 16. Bh6) 13... dxc5 {[%cal Bd6c5,Bc5d4][%mdl 32]} 14. Bf4 {aiming for Nxd4.} Rc8 15. Nxd4 cxd4 16. Bxc6+ $1 Rxc6 17. Na2 $1 b5 18. Nb4 Rc8 $1 19. Nxa6 bxc4 20. dxc4 Ne4 {[%cal Bf6e4,Be4d6,Bd6f5][%mdl 32]} 21. Rb7 O-O {[%mdl 1024] Black has strong compensation.} 22. Nb4 e5 23. Bd2 {[#]} Nd6 $1 24. Bg5 Qa5 25. Rd7 Rxc4 (25... Nxc4 $17 {Threatens to win with ...Qa4.} 26. Nd5 Rc5 27. Ne7+ Kh7) 26. Qb1 $11 Nf5 27. Nd5 Rcc8 28. Be7 $132 {[%mdl 2048] White puts up resistance} Rb8 29. Qa2 (29. Qe4 $11) 29... Qb5 (29... Qa4 $15 30. Rc7 Nxe7 31. Nxe7+ Kh7) 30. Ra7 Nxe7 31. Nxe7+ Kh7 32. Rc1 (32. a4 $15 Qc5 33. Rd7) 32... e4 $17 {[%cal Be5e4,Be4e3][%mdl 32]} 33. Qd5 $2 {[%mdl 8192]} (33. Nd5 $17) 33... Qxe2 $19 34. Rf1 e3 35. Nc6 {[#]} Rb1 $1 {[%csl Gb1][%cal Re2f1][%mdl 512]} 36. Qg2 (36. Rxb1 exf2+) 36... Rxf1+ 37. Qxf1 Qf3 38. Nb4 Rc8 $2 (38... e2 {( -> ...Qh1+!)} 39. Qb1 Rb8) 39. fxe3 Qxe3+ 40. Kg2 f5 41. Kh3 Qe4 ({Weaker is} 41... d3 42. Rd7 $17) 42. Qb5 $2 (42. Qf4 Rc3 43. Qxe4 fxe4 44. Nd5) 42... Re8 {Black is clearly winning.} 43. Nd5 Qg4+ 44. Kg2 Re2+ 45. Kg1 Qf3 {Precision: White = 35%, Black = 63%.} 0-1